000 00503nmm a2200169Ia 4500
008 251105s9999||||xx |||||||||||||||||und||
041 _aspa
100 _aSanderson, Brandon
245 0 _aCalamity :
_b Trilogía de los Reckoners 3
264 _a[Madrid, España] :
_bEdiciones B,
_c2016
300 _a416 páginas
650 _aScience fiction & Fantasy
700 _aSanderson, Brandon
700 1 _a Jorge Romero, Jorge
856 _uhttps://public.digitaliapublishing.com/a/54404
942 _cCF
999 _c71097
_d71097